| 000 | 01548nam0a2200373 4500 | ||
|---|---|---|---|
| 001 | RU\NLR\BIBL_A\011723630 | ||
| 005 | 20180621112003.0 | ||
| 010 |
_a978-5-16-014191-6 _bprint |
||
| 010 |
_a978-5-16-106683-6 _bonline _9500 |
||
| 021 |
_aRU _bКН-П-18-034475 _9КН-П-18-2503 |
||
| 035 | _a(NLR Aleph) 011723630 | ||
| 035 | _a(RuMoRGB)009633457 | ||
| 090 |
_a11497373 _c11497373 |
||
| 100 | _a20180608d2018 u y0rusy50 ca | ||
| 101 | 0 | _arus | |
| 102 | _aRU | ||
| 105 | _aa|||g|||000zy | ||
| 200 | 1 |
_aКто есть кто в международном терроризме _eсправочник _fВ. В. Красинский, В. В. Машко |
|
| 210 |
_aМосква _cИНФРА-М _d2018 |
||
| 215 |
_a126, [1] с. _cил., табл. _d21 |
||
| 300 | _aНа 4-й с. обл. авт.: д.ю.н., доц. В. В. Красинский, к.ист.н., доц. В. В. Машко | ||
| 320 | _aБиблиогр.: с. 110-119 (147 назв.) и в подстроч. примеч. | ||
| 333 | _a10+ | ||
| 606 | 1 |
_aТерроризм международный _jСправочники _2nlr_sh1 _2nlr_sh2 _3RU\NLR\AUTH\66686128 |
|
| 686 |
_aТ3(0)64-496я2 _2rubbk |
||
| 686 | 1 | _aХ916.8я2 | |
| 686 | 1 | _aТ3(0)63-49я2 | |
| 700 | 1 |
_aКрасинский _bВ. В. _gВладислав Вячеславович |
|
| 701 | 1 |
_aМашко _bВ. В. _gВладислав Валерьевич |
|
| 942 | _cBOOK | ||
| 980 | _aNBR | ||
| 980 | _aNB | ||